Rukověť exportéra: Thajsko Dovozní režim a související předpisy
Hlavné informácie, ktoré sú dôležité pri prevádzaní zahraničného obchodu s Thajskom. Charakteristika krajiny. Voľné colné pásma. Dovozný režim Platobné a dodacie podmienky. Sprievodné doklady. Špeciálne predpisy. Prepravné balenie a signovanie. Vývozné a dovozné predpisy. Obchodné cesty.
Salvato in:
| Natura: | Capitolo di libro |
|---|---|
| Lingua: | ceco |
| Soggetti: | |
| Tags: |
Nessun Tag, puoi essere il primo ad aggiungerne!!
|
MARC
| LEADER | 00000naa a2200000 4500 | ||
|---|---|---|---|
| 001 | r015444 | ||
| 005 | 20221213082839.7 | ||
| 041 | 0 | |a cze | |
| 044 | |a CZ | ||
| 245 | 1 | 0 | |a Rukověť exportéra: Thajsko |b Dovozní režim a související předpisy |
| 520 | |a Hlavné informácie, ktoré sú dôležité pri prevádzaní zahraničného obchodu s Thajskom. Charakteristika krajiny. Voľné colné pásma. Dovozný režim Platobné a dodacie podmienky. Sprievodné doklady. Špeciálne predpisy. Prepravné balenie a signovanie. Vývozné a dovozné predpisy. Obchodné cesty. | ||
| 610 | 2 | 0 | |a styk zahraničnoobchodný |
| 610 | 2 | 0 | |a Thajsko |
| 610 | 2 | 0 | |a podmienky platobné |
| 610 | 2 | 0 | |a podmienky dodacie |
| 610 | 2 | 0 | |a predpisy colné |
| 610 | 2 | 0 | |a dokumenty |
| 610 | 2 | 0 | |a dovoz |
| 610 | 2 | 0 | |a balenie |